Score 0/24 Timer 02:00
0 Plays Today
Hint Missing Surname % Correct
Nicolas _____Cage
97.1%
Marlon _____Brando
93.4%
Dustin _____Hoffman
92.6%
Leonardo _____DiCaprio
90.2%
Daniel ___-_____Day-Lewis
89.9%
Russell _____Crowe
88.3%
Denzel _____Washington
85.4%
Jeff _____Bridges
80.7%
Robert _____De Niro
80.6%
George _____Clooney
75.4%
Tom _____Hanks
70.6%
Colin _____Firth
68.9%
Hint Missing Surname % Correct
Al _____Pacino
66.9%
Jeremy _____Irons
64.8%
Jack _____Nicholson
62.5%
Sean _____Penn
61.1%
Forest _____Whitaker
60.3%
Laurence _____Olivier
57.6%
Mickey _____Rourke
56.4%
Sidney _____Poitier
55%
Geoffrey _____Rush
50.4%
Michael _____Douglas
41.5%
Ben _____Kingsley
40.1%
Jon _____Voight
27.8%

Today's Daily Dose

Remove Ads.
Support Sporcle.
Get the best of Sporcle when you Go Orange. This ad-free experience offers more features, more stats, and more fun while also helping to support Sporcle. Thank you for becoming a member.

You're not logged in!

Compare scores with friends on all Sporcle quizzes.
OR
Log In

Show Comments

Extras

Top Quizzes Today


Score Distribution

Your Account Isn't Verified!

In order to create a playlist on Sporcle, you need to verify the email address you used during registration. Go to your Sporcle Settings to finish the process.

Report this User

Report this user for behavior that violates our Community Guidelines.

Details: